[Event "OHS 2012"]
[Site "Herne"]
[Date "2012.02.14"]
[Round "2"]
[White "Kiese, Matthias, Prof. Dr."]
[Black "Klinke, Werner"]
[Result "1-0"]
[PlyCount "115"]
[WhiteElo "2102"]
[BlackElo "1911"]

1. d4 Nf6 2. Nf3 e6 3. Bg5 Be7 4. Nbd2 b6 5. e4 Bb7 6. Bd3 h6 7. Bh4 d6 8. O-O
c5 9. e5 Nfd7 10. Bxe7 Qxe7 11. exd6 Qxd6 12. Ne4 Qc7 13. dxc5 Nxc5 14. Nxc5
bxc5 15. Qe2 Nd7 16. Rad1 O-O 17. Be4 Bxe4 18. Qxe4 Rab8 19. b3 Nf6 20. Qe5 Qa5
21. a4 Rbc8 22. Nd2 Qc7 23. Qxc7 Rxc7 24. Nc4 Nd5 25. Rd2 Rb8 26. Rfd1 Kf8 27.
g3 Ke7 28. f4 g6 29. Kf2 Nc3 30. Re1 Rd7 31. Rxd7+ Kxd7 32. Ne5+ Ke8 33. Kf3
Rd8 34. Re3 Nd5 35. Re4 Rc8 36. Nc4 Ke7 37. Ne3 Nxe3 38. Kxe3 Kd6 39. Kd3 g5
40. Kc4 Rg8 41. Kb5 f6 42. Re2 e5 43. fxe5+ fxe5 44. Rd2+ Ke6 45. Kxc5 Rc8+ 46.
Kb4 e4 47. c4 Ke5 48. Rd5+ Ke6 49. Kc3 Rf8 50. Kd4 Rf3 51. b4 Rb3 52. b5 e3 53.
Re5+ Kd6 54. Rxe3 Rb4 55. a5 Ra4 56. a6 Rb4 57. g4 Ra4 58. Rh3 1-0

[Event "OHS 2012"]
[Site "Herne"]
[Date "2012.02.14"]
[Round "2"]
[White "Wickenfeld, Stefan"]
[Black "Funke, Eckhard"]
[Result "1-0"]
[PlyCount "139"]
[WhiteElo "2088"]
[BlackElo "1896"]

1. d4 d5 2. Nf3 e6 3. g3 Nf6 4. Bg2 Be7 5. O-O O-O 6. b3 b6 7. Bb2 Bb7 8. Nbd2
Nbd7 9. c4 dxc4 10. Nxc4 c5 11. e3 cxd4 12. Nxd4 Bxg2 13. Kxg2 Qc7 14. Qf3 Ne5
15. Nxe6 Qxc4 16. bxc4 Nxf3 17. Nxf8 Nd2 18. Rfd1 Nxc4 19. Bxf6 Bxf6 20. Rac1
Nb2 21. Nd7 Nxd1 22. Nxf6+ gxf6 23. Rxd1 Rc8 24. Rd7 a5 25. Rd6 Kg7 26. a4 Rc5
27. h4 b5 28. axb5 Rxb5 29. Ra6 h6 30. Ra8 Rc5 31. e4 Rb5 32. g4 Rc5 33. Kg3
Rb5 34. Kf4 Rc5 35. Ke3 Rc3+ 36. Kf4 Rc5 37. Rd8 Rb5 38. Ke3 Rb3+ 39. Rd3 Rb4
40. Rd5 Rb3+ 41. Kf4 a4 42. e5 fxe5+ 43. Rxe5 a3 44. Ra5 Rb2 45. f3 a2 46. Ra6
Rc2 47. Kf5 Rc5+ 48. Ke4 Rc2 49. Ra7 h5 50. Kf4 Rc4+ 51. Kg5 Rc5+ 52. Kf4 Rc4+
53. Kg3 hxg4 54. f4 Kg6 55. Ra6+ f6 56. Kxg4 Rc1 57. h5+ Kg7 58. Rxa2 Kh6 59.
Ra6 Rg1+ 60. Kf5 Kxh5 61. Rxf6 Rb1 62. Re6 Rb3 63. Kf6 Kh6 64. Kf7+ Kh7 65. f5
Rb1 66. Kf8 Rb8+ 67. Re8 Rb5 68. f6 Kg6 69. f7 Rb6 70. Kg8 1-0

[Event "OHS 2012"]
[Site "Herne"]
[Date "2012.02.14"]
[Round "2"]
[White "Kümmel, Hans-Jürgen"]
[Black "Grothuesmann, Heinrich"]
[Result "0-1"]
[PlyCount "124"]
[WhiteElo "1262"]
[BlackElo "1634"]

1. d4 Nf6 2. Nf3 b6 3. g3 Bb7 4. Bg2 e6 5. a3 Be7 6. O-O O-O 7. Nbd2 d5 8. Ne5
c5 9. e3 Nc6 10. Ndf3 Rc8 11. Nxc6 Bxc6 12. dxc5 bxc5 13. b3 Qb6 14. Ne5 Bb7
15. c4 Rfd8 16. cxd5 exd5 17. Bb2 a5 18. Re1 a4 19. bxa4 Qxb2 20. Rb1 Qxe5 21.
Rxb7 Rb8 22. Rb5 Ne4 23. Qc2 Ra8 24. a5 Ra6 25. a4 Rda8 26. Bxe4 dxe4 27. Reb1
Rxa5 28. Rxa5 Rxa5 29. Qb3 Ra8 30. Qb7 Rxa4 31. Qd7 Ra8 32. Rb7 Kf8 33. Rc7 Qd6
34. Rc8+ Rxc8 35. Qxc8+ Qd8 36. Qc6 c4 37. Qxc4 Qa8 38. Kg2 g6 39. Qc3 Kg8 40.
Qc7 Bf8 41. Qc4 Qe8 42. Qd5 Bg7 43. h4 Qe5 44. Qa8+ Bf8 45. Qc8 h5 46. Qc4 Qf5
47. Qd4 Bg7 48. Qd8+ Kh7 49. Qe7 Qf3+ 50. Kf1 Bh6 51. Qa3 Qd1+ 52. Kg2 Qd5 53.
Qa7 g5 54. hxg5 Bxg5 55. Qc7 Qf5 56. Qc3 h4 57. gxh4 Bxh4 58. Qc2 Bf6 59. Qa2
Kg7 60. Qc2 Be5 61. Kf1 Qf3 62. Kg1 Qg4+ 0-1

[Event "OHS 2012"]
[Site "Herne"]
[Date "2012.02.14"]
[Round "2"]
[White "Gorzinski, Dariusz"]
[Black "Trzaska, Peter"]
[Result "1/2-1/2"]
[PlyCount "28"]
[WhiteElo "1890"]
[BlackElo "2081"]

1. e4 c6 2. d4 d5 3. exd5 cxd5 4. c4 Nf6 5. Nc3 g6 6. Qb3 Bg7 7. cxd5 O-O 8.
Be2 a5 9. Bf3 Na6 10. Nge2 Nb4 11. O-O Bf5 12. Bg5 Bc2 13. Qa3 Bd3 14. Rac1
Bxe2 1/2-1/2

[Event "OHS 2012"]
[Site "Herne"]
[Date "2012.02.14"]
[Round "2"]
[White "Wimber, Hartmut"]
[Black "Kolakovic, Klaudio"]
[Result "1/2-1/2"]
[PlyCount "60"]
[WhiteElo "1879"]
[BlackElo "1991"]

1. Nf3 Nc6 2. d4 d5 3. e3 Bg4 4. Bb5 e6 5. Nbd2 Ne7 6. c3 a6 7. Be2 g6 8. O-O
Bg7 9. Ne1 Bxe2 10. Qxe2 e5 11. dxe5 Nxe5 12. f4 N5c6 13. Nb3 O-O 14. Nd4 Nxd4
15. exd4 Re8 16. Qf3 Qd7 17. Nd3 Qf5 18. Bd2 Nc6 19. Rae1 h5 20. Ne5 Rad8 21.
Qd1 Nb8 22. b4 f6 23. Nf3 Qd7 24. Nh4 Qf7 25. f5 g5 26. Ng6 Rxe1 27. Bxe1 Re8
28. Qxh5 Re4 29. Bg3 Nc6 30. h4 gxh4 1/2-1/2

[Event "OHS 2012"]
[Site "Herne"]
[Date "2012.02.14"]
[Round "2"]
[White "Mancic, Ivan"]
[Black "Reinholz, Benjamin"]
[Result "1/2-1/2"]
[PlyCount "82"]
[WhiteElo "1990"]
[BlackElo "1864"]

1. d4 Nf6 2. c4 e6 3. g3 d5 4. Bg2 Be7 5. Nf3 O-O 6. O-O Na6 7. Nc3 Bd7 8. Ne5
c6 9. e4 Nxe4 10. Nxe4 dxe4 11. Bxe4 f6 12. Nxd7 Qxd7 13. Be3 Rad8 14. Qe2 Bd6
15. Bg2 Nc7 16. Rad1 Qf7 17. Rd3 Rd7 18. Rb3 Na6 19. c5 Bb8 20. Bxc6 Nxc5 21.
Bxd7 Nxb3 22. Ba4 Na5 23. b4 Nc6 24. Bxc6 bxc6 25. Qa6 Bd6 26. a3 f5 27. f4 g5
28. Qxc6 gxf4 29. Qxd6 fxe3 30. Qe5 Qd7 31. Qxe3 Rd8 32. Rc1 Kf7 33. Qe5 Rc8
34. Rc5 Rxc5 35. bxc5 Qb7 36. Kf2 Qb2+ 37. Kg1 Qxa3 38. Qc7+ Kg6 39. Qe5 Kf7
40. Kg2 Qa5 41. Kh3 Qd2 1/2-1/2

[Event "OHS 2012"]
[Site "Herne"]
[Date "2012.02.14"]
[Round "2"]
[White "Nebel, Uwe"]
[Black "Markert, Dirk, Dr."]
[Result "1-0"]
[PlyCount "57"]
[WhiteElo "1852"]
[BlackElo "1963"]

1. e4 c5 2. Nf3 d6 3. d4 cxd4 4. Nxd4 Nf6 5. Nc3 a6 6. Bg5 e6 7. f4 Bd7 8. Qf3
Qc7 9. O-O-O Be7 10. e5 dxe5 11. fxe5 Nd5 12. Bxe7 Nxe7 13. Qg3 Nbc6 14. Nxc6
Nxc6 15. Ne4 Qxe5 16. Nd6+ Ke7 17. Qa3 Qf4+ 18. Kb1 Qb4 19. Qg3 Rhg8 20. a3 Qc5
21. Bc4 Rab8 22. Rhe1 Nd8 23. Rd5 Qa7 24. Nc8+ Rxc8 25. Qd6+ Ke8 26. Qxd7+ Kf8
27. Qxc8 Ke7 28. Rd7+ Kf6 29. Rxd8 1-0

[Event "OHS 2012"]
[Site "Herne"]
[Date "2012.02.14"]
[Round "2"]
[White "Winterkamp, Sascha"]
[Black "Müller-Kreth, Kai"]
[Result "1-0"]
[PlyCount "105"]
[WhiteElo "1953"]
[BlackElo "1861"]

1. d4 d5 2. Nf3 Nf6 3. c3 g6 4. Bg5 Bg7 5. Nbd2 Nc6 6. e3 h6 7. Bh4 g5 8. Bg3
Bf5 9. h3 a6 10. Qb3 Rb8 11. Be2 O-O 12. O-O e6 13. Rfd1 Nd7 14. c4 dxc4 15.
Nxc4 Be4 16. Qa3 Rc8 17. Nfe5 Ndxe5 18. Nxe5 Qe7 19. Qxe7 Nxe7 20. Nd7 Rfd8 21.
Nc5 Bc6 22. Rac1 a5 23. Nb3 b6 24. Ba6 Ra8 25. Rxc6 Nxc6 26. Bb7 Nb4 27. Bxa8
Rxa8 28. Bxc7 a4 29. Nc1 Nd5 30. Bd6 Rc8 31. Nd3 Rc6 32. Ba3 Rc4 33. Rc1 Rxc1+
34. Nxc1 f5 35. Bd6 Kf7 36. Nd3 Ke8 37. Kf1 Kd7 38. Be5 Bf8 39. Ke2 Kc6 40. f3
Kb5 41. e4 Nb4 42. Nxb4 Kxb4 43. Kd3 Kb5 44. a3 Kc6 45. g4 f4 46. Bf6 b5 47. h4
gxh4 48. Bxh4 Kd6 49. Bf6 Kc6 50. Be5 Bd6 51. Bg7 Bc7 52. Bxh6 Kd7 53. e5 1-0

[Event "OHS 2012"]
[Site "Herne"]
[Date "2012.02.14"]
[Round "2"]
[White "Wenzel, Martin"]
[Black "Melmer, Felix"]
[Result "1/2-1/2"]
[PlyCount "54"]
[WhiteElo "1813"]
[BlackElo "1949"]

1. e4 c5 2. c3 g6 3. d4 cxd4 4. cxd4 d5 5. exd5 Nf6 6. Nc3 Bg7 7. Bc4 O-O 8.
Nge2 Nbd7 9. d6 exd6 10. O-O Nb6 11. Bb3 d5 12. Bf4 a6 13. Rc1 Nc4 14. Nxd5
Nxd5 15. Rxc4 b5 16. Rc5 Nxf4 17. Nxf4 Qxd4 18. Qxd4 Bxd4 19. Rc2 Bf5 20. Rd2
Bg7 21. Nd5 Ra7 22. Ne3 Rd7 23. Rfd1 Rxd2 24. Rxd2 Bc8 25. Nd5 Re8 26. Kf1 g5
27. Ne7+ Kf8 1/2-1/2

[Event "OHS 2012"]
[Site "Herne"]
[Date "2012.02.14"]
[Round "2"]
[White "Patzer, Jörg"]
[Black "Löffelbein, Klaus"]
[Result "1/2-1/2"]
[PlyCount "59"]
[WhiteElo "1948"]
[BlackElo "1840"]

1. b3 Nf6 2. f4 g6 3. Nf3 Bg7 4. Bb2 O-O 5. e3 d5 6. Be2 c5 7. O-O Nc6 8. Ne5
Qc7 9. Nc3 a6 10. Nxc6 Qxc6 11. Bf3 Qd6 12. Ne2 Bd7 13. Be5 Qb6 14. a4 a5 15.
Rc1 Rac8 16. Bxf6 Bxf6 17. Bxd5 Bg4 18. Bf3 Bxf3 19. Rxf3 c4 20. Rb1 Rfd8 21.
bxc4 Rxd2 22. Qe1 Qd6 23. Nd4 Rxd4 24. exd4 Qxd4+ 25. Kh1 Qxc4 26. Qxa5 Qxc2
27. Qb5 Rc5 28. Qxb7 Qxa4 29. Qb8+ Kg7 30. Qb7 1/2-1/2

[Event "OHS 2012"]
[Site "Herne"]
[Date "2012.02.14"]
[Round "2"]
[White "Wolff, Christoph"]
[Black "Maczkowiak, Thomas"]
[Result "1/2-1/2"]
[PlyCount "24"]
[WhiteElo "1947"]
[BlackElo "1833"]

1. e4 c6 2. d4 d5 3. e5 Bf5 4. Nc3 e6 5. g4 Bg6 6. Nge2 c5 7. Nf4 Nc6 8. h4
cxd4 9. Nb5 a6 10. Nxd4 Nxd4 11. Nxg6 Nxc2+ 12. Qxc2 hxg6 1/2-1/2

[Event "OHS 2012"]
[Site "Herne"]
[Date "2012.02.14"]
[Round "2"]
[White "Matrisch, Gerd"]
[Black "Bauland, Thomas"]
[Result "0-1"]
[PlyCount "62"]
[WhiteElo "1723"]
[BlackElo "1935"]

1. d4 Nf6 2. Nf3 e6 3. Bg5 d5 4. e3 Nbd7 5. Nbd2 Be7 6. Bd3 b6 7. O-O Bb7 8. c3
Ne4 9. Bxe7 Qxe7 10. Ne5 Nxe5 11. dxe5 Nc5 12. Bc2 O-O-O 13. b4 Nd7 14. f4 f6
15. a4 fxe5 16. a5 exf4 17. axb6 axb6 18. exf4 Nb8 19. Nf3 Nc6 20. Bd3 Rhf8 21.
Qd2 d4 22. b5 dxc3 23. Qxc3 Qb4 24. Qxg7 Rd7 25. Qg4 Rxf4 26. Qxe6 Nd8 27. Qe2
Bxf3 28. Rxf3 Qd4+ 29. Qe3 Qxa1+ 30. Kf2 Rxf3+ 31. gxf3 Qd4 0-1

[Event "OHS 2012"]
[Site "Herne"]
[Date "2012.02.14"]
[Round "2"]
[White "Jaring, Thorsten"]
[Black "Kowalczyk, Frank"]
[Result "1-0"]
[PlyCount "107"]
[WhiteElo "1935"]
[BlackElo "1798"]

1. c4 e5 2. Nc3 Nf6 3. d3 Be7 4. e4 d6 5. f4 exf4 6. Bxf4 c6 7. Be2 Nbd7 8. Nf3
O-O 9. O-O Qb6+ 10. Kh1 Ng4 11. Qe1 Nge5 12. Rb1 Ng6 13. Bg3 Nde5 14. Nd2 Qe3
15. d4 Ng4 16. Qd1 Qg5 17. Nf3 Qh6 18. Qc1 Qh5 19. h3 Qh6 20. Qxh6 Nxh6 21. Bd3
f5 22. exf5 Bxf5 23. Rbd1 Bxd3 24. Rxd3 Nf5 25. Bh2 Nfh4 26. d5 Rad8 27. Kg1
Nxf3+ 28. Rdxf3 Rxf3 29. Rxf3 Bf6 30. Ne4 Be5 31. dxc6 bxc6 32. b3 Bxh2+ 33.
Kxh2 Ne5 34. Re3 Nf7 35. Ng3 g6 36. Re7 d5 37. cxd5 cxd5 38. Kg1 a6 39. Re6 Rd6
40. Rxd6 Nxd6 41. Kf2 Kf7 42. Ke3 Ke6 43. Kd4 Nb5+ 44. Kc5 Nc3 45. a4 Ke5 46.
Kb6 d4 47. Kxa6 d3 48. Nf1 Ne2 49. Kb5 Kd4 50. a5 Kc3 51. a6 Ng3 52. Ne3 Ne4
53. a7 Nd6+ 54. Kc6 1-0

[Event "OHS 2012"]
[Site "Herne"]
[Date "2012.02.14"]
[Round "2"]
[White "Kamper, Marco"]
[Black "Radi, Günter"]
[Result "0-1"]
[PlyCount "60"]
[WhiteElo "1785"]
[BlackElo "1934"]

1. d4 d5 2. c4 Nf6 3. Nc3 c6 4. Nf3 g6 5. g3 dxc4 6. Bg2 Bg7 7. Qa4 b5 8. Nxb5
cxb5 9. Qxb5+ Bd7 10. Qxc4 Qa5+ 11. Nd2 Be6 12. Qd3 Nd5 13. O-O Na6 14. Nc4 Qd8
15. Bd2 Rc8 16. Na5 Qb6 17. Rfc1 O-O 18. Bxd5 Bxd5 19. e4 Ba8 20. d5 Nb8 21.
Nc4 Qd4 22. Qe2 f5 23. exf5 Qxd5 24. f3 Qxf5 25. Bf4 g5 26. Ne3 Bd4 27. Bxb8
Bxe3+ 28. Qxe3 Rxb8 29. Qxe7 Rbe8 30. Qc5 Qxf3 0-1

[Event "OHS 2012"]
[Site "Herne"]
[Date "2012.02.14"]
[Round "2"]
[White "Schmidt, Ralph"]
[Black "Schwarz, Ingo"]
[Result "0-1"]
[PlyCount "32"]
[WhiteElo "1930"]
[BlackElo "1784"]

1. e4 d5 2. exd5 Qxd5 3. Nc3 Qa5 4. d4 Bf5 5. Bf4 e6 6. Qf3 c6 7. Qg3 Na6 8.
Bd3 Nb4 9. Bc7 b6 10. Qf3 Bxd3 11. Rc1 Bg6 12. a3 Nd5 13. Kf1 Nxc7 14. Qxc6+
Kd8 15. Nf3 f6 16. d5 Be8 0-1

[Event "OHS 2012"]
[Site "Herne"]
[Date "2012.02.14"]
[Round "2"]
[White "Leveikina, Jenny"]
[Black "Göldenboog, Jürgen"]
[Result "1/2-1/2"]
[PlyCount "27"]
[WhiteElo "2029"]
[BlackElo "1883"]

1. d4 d5 2. c4 dxc4 3. e3 Nf6 4. Bxc4 e6 5. Nf3 c5 6. O-O Nc6 7. Nc3 Be7 8.
dxc5 O-O 9. a3 Bxc5 10. b4 Be7 11. Bb2 a6 12. Qe2 b5 13. Rfd1 Qb6 14. Bd3
1/2-1/2

[Event "OHS 2012"]
[Site "Herne"]
[Date "2012.02.14"]
[Round "2"]
[White "Bittner, Reinhard"]
[Black "Ribbeheger, Edgar"]
[Result "0-1"]
[PlyCount "92"]
[WhiteElo "1465"]
[BlackElo "1947"]

1. d4 d5 2. Nf3 c6 3. c3 Nf6 4. Bg5 h6 5. Bh4 g5 6. Bg3 Ne4 7. Nbd2 Nxg3 8.
hxg3 Bg7 9. e4 dxe4 10. Nxe4 Bf5 11. Nfd2 Qc7 12. Qb3 Nd7 13. Be2 O-O 14. g4
Bg6 15. Bf3 e5 16. d5 Rad8 17. dxc6 bxc6 18. O-O Rb8 19. Qc2 Nc5 20. b4 Ne6 21.
g3 c5 22. a3 cxb4 23. axb4 Rxb4 24. Qa2 Rb7 25. Qa3 Rd8 26. Rfd1 Qb8 27. Qa6
Rbd7 28. Rab1 Qc7 29. Rb7 Qxb7 30. Nf6+ Bxf6 31. Bxb7 Rxd2 32. Rxd2 Rxd2 33. c4
Kg7 34. Bd5 Nc7 35. Qxa7 Nxd5 36. cxd5 Rxd5 37. Kf1 Rd4 38. f3 Bd3+ 39. Kf2 Bc4
40. Ke3 Bd5 41. Qc5 e4 42. f4 Rd3+ 43. Ke2 Be6 44. f5 Bb3 45. Qb4 Bd1+ 46. Ke1
Bc3+ 0-1

[Event "OHS 2012"]
[Site "Herne"]
[Date "2012.02.14"]
[Round "2"]
[White "Wiechen, Ulrich"]
[Black "Pohl, Martin"]
[Result "1-0"]
[PlyCount "81"]
[WhiteElo "1903"]
[BlackElo "1687"]

1. e4 Nc6 2. d4 e5 3. Nf3 d6 4. Bc4 Bg4 5. c3 Bxf3 6. Qxf3 Qf6 7. Be3 Qxf3 8.
gxf3 g6 9. f4 exf4 10. Bxf4 a6 11. Nd2 Bh6 12. Bg3 Nge7 13. f4 O-O-O 14. Bxf7
Rdf8 15. Be6+ Kb8 16. O-O Rf6 17. d5 Rhf8 18. Rad1 g5 19. fxg5 Bxg5 20. dxc6
Bxd2 21. cxb7 Be3+ 22. Kg2 Kxb7 23. Bg4 Ng6 24. Bf5 Rg8 25. b4 Nh4+ 26. Kh1
Nxf5 27. Rxf5 Rxf5 28. exf5 Rf8 29. Rd5 Kc6 30. c4 Bg5 31. Kg2 Re8 32. Kf3 Re3+
33. Kg4 Bf6 34. Ra5 Re4+ 35. Kh5 Rxc4 36. a3 Kb7 37. Kh6 c6 38. Kxh7 d5 39. Kg6
d4 40. Kxf6 d3 41. Be1 1-0

[Event "OHS 2012"]
[Site "Herne"]
[Date "2012.02.14"]
[Round "2"]
[White "Nagel, Frank"]
[Black "Scheibe, Werner"]
[Result "0-1"]
[PlyCount "56"]
[WhiteElo "1627"]
[BlackElo "1815"]

1. d4 Nf6 2. c4 c5 3. e3 e6 4. Nc3 a6 5. Bd3 d5 6. cxd5 exd5 7. Nf3 Nc6 8. a3
Bg4 9. Be2 Be7 10. O-O O-O 11. dxc5 Bxc5 12. b4 Ba7 13. b5 axb5 14. Nxb5 Bc5
15. Qc2 b6 16. Bb2 Qe7 17. Nbd4 Nxd4 18. Nxd4 Bxe2 19. Qxe2 Bxa3 20. Rfc1 Bxb2
21. Qxb2 Rxa1 22. Rxa1 Qb7 23. Rb1 Ra8 24. h3 Nd7 25. Rc1 f6 26. Qb4 Ne5 27.
Qb5 h6 28. Rc7 Ra1+ 0-1

[Event "OHS 2012"]
[Site "Herne"]
[Date "2012.02.14"]
[Round "2"]
[White "Grunwald, Günther"]
[Black "Bartel, Mario"]
[Result "0-1"]
[PlyCount "114"]
[WhiteElo "1554"]
[BlackElo "2096"]

1. e4 e5 2. Nf3 Nc6 3. Bc4 Nf6 4. d3 Bc5 5. c3 O-O 6. O-O d5 7. exd5 Nxd5 8. a3
Nb6 9. Bg5 Be7 10. Bxe7 Qxe7 11. Nbd2 Bg4 12. Re1 Nxc4 13. Nxc4 Qf6 14. Ncd2
Rad8 15. Qb3 b6 16. Qc4 Bf5 17. Ne4 Qh6 18. d4 exd4 19. cxd4 Bg4 20. Ne5 Nxe5
21. dxe5 Rd7 22. Nf6+ Kh8 23. Qxg4 Rd2 24. Ne4 Rxb2 25. Qd7 Rc2 26. Qe7 Kg8 27.
Qg5 Qe6 28. Nf6+ Kh8 29. Ng4 h6 30. Qf4 Rc4 31. Re4 Rxe4 32. Qxe4 f5 33. Qf4 g5
34. Qf3 Re8 35. Nf6 Qxe5 36. Rf1 Qxf6 37. Qb7 Qd6 38. Qxa7 Re5 39. g3 Kg7 40.
Qa4 Ra5 41. Qb4 Qxb4 42. axb4 Rb5 43. Rc1 c5 44. bxc5 Rxc5 45. Rd1 Rc6 46. Rd7+
Kf6 47. Kf1 Ke5 48. Rd2 Rd6 49. Rb2 Kd4 50. h4 Kc4 51. Re2 b5 52. hxg5 hxg5 53.
Rc2+ Kd4 54. Ke1 b4 55. Kd2 b3 56. Rc3 b2 57. Rd3+ Kc4 0-1

[Event "OHS 2012"]
[Site "Herne"]
[Date "2012.02.14"]
[Round "2"]
[White "Selmanaj, Agim"]
[Black "Barth, Hans-Joachim"]
[Result "1-0"]
[PlyCount "65"]
[WhiteElo "1529"]
[BlackElo "1783"]

1. e4 c5 2. Bc4 e6 3. a3 Nc6 4. d3 Nf6 5. Ba2 d5 6. exd5 exd5 7. Qe2+ Be7 8.
Nf3 O-O 9. O-O Bg4 10. c3 Re8 11. Bg5 h6 12. Bh4 g5 13. Bg3 Bd6 14. Qd1 Ne5 15.
Bxe5 Rxe5 16. h3 Bxf3 17. Qxf3 Qe7 18. Qd1 Re8 19. Nd2 Re2 20. Rb1 h5 21. Ne4
Rxe4 22. dxe4 Qe5 23. f4 gxf4 24. Bxd5 Nxe4 25. Bxe4 Re6 26. Bf3 h4 27. Re1 Qf5
28. Bg4 Rxe1+ 29. Qxe1 Qg6 30. Rd1 f3 31. gxf3 f5 32. Qxh4 fxg4 33. Qxg4 1-0

[Event "OHS 2012"]
[Site "Herne"]
[Date "2012.02.14"]
[Round "2"]
[White "Schicktanz, Florian"]
[Black "Janke, Anatoli"]
[Result "1/2-1/2"]
[PlyCount "125"]
[WhiteElo "1488"]
[BlackElo "1723"]

1. c4 c5 2. Nc3 Nc6 3. g3 Nf6 4. Bg2 d6 5. d3 g6 6. Bg5 Bg7 7. Nf3 O-O 8. O-O
Bg4 9. h3 Bd7 10. Qd2 Rb8 11. Bh6 a6 12. Nd5 e6 13. Nc3 b5 14. cxb5 axb5 15.
Bg5 Qc7 16. Rac1 b4 17. Nd1 Qa5 18. b3 Nd5 19. Bh6 Nf6 20. Bxg7 Kxg7 21. Ne3
Qa7 22. Qb2 e5 23. Nc4 Qc7 24. e3 Be6 25. Ng5 Bf5 26. e4 Bd7 27. f4 h6 28. fxe5
dxe5 29. Rxf6 Kxf6 30. Nh7+ Kg7 31. Nxf8 Rxf8 32. Ne3 Nd4 33. Nd5 Qd6 34. Rf1
f6 35. a4 Bc6 36. Ne3 Bb7 37. Nc4 Qe6 38. Rc1 Rc8 39. Rf1 Ba6 40. Rc1 Rc7 41.
Kh2 Bc8 42. Rf1 Rf7 43. Rc1 h5 44. Rf1 Bd7 45. Rf2 Bc8 46. Rf1 Qa6 47. Rf2 Be6
48. Rf1 Rf8 49. Rc1 Qc8 50. Nb6 Qd8 51. Nc4 Qc7 52. Rf1 Kh7 53. Rc1 f5 54. Rf1
f4 55. gxf4 exf4 56. Bf3 Qg7 57. Kg2 Qf6 58. Kh2 Qh4 59. Qg2 Nxb3 60. Ne5 Qf6
61. Nc6 Bd7 62. e5 Qe6 63. Be4 1/2-1/2

[Event "OHS 2012"]
[Site "Herne"]
[Date "2012.02.14"]
[Round "2"]
[White "Sikorski, Thomas"]
[Black "Deutschmann, Jürgen"]
[Result "1-0"]
[PlyCount "79"]
[WhiteElo "1716"]
[BlackElo "1476"]

1. c4 e5 2. Nc3 Nf6 3. Nf3 d6 4. d4 exd4 5. Nxd4 d5 6. Bg5 dxc4 7. e4 Bc5 8.
Nd5 c6 9. Nxf6+ gxf6 10. Be3 Qa5+ 11. Bd2 Qb6 12. Bc3 Bxd4 13. Bxd4 c5 14. Bc3
Be6 15. Be2 Nd7 16. O-O O-O-O 17. f4 Ne5 18. Qa4 Nd3 19. Bxf6 Nxb2 20. Bxd8
Nxa4 21. Bxb6 Nxb6 22. f5 Bd7 23. Rac1 f6 24. Bxc4 Bc6 25. Be6+ Kc7 26. Rfe1
Na4 27. Re2 b5 28. Bb3 Rb8 29. Bxa4 bxa4 30. Rxc5 Rb1+ 31. Kf2 Kb6 32. Rcc2 a3
33. Rc3 Bb5 34. Ree3 Rb2+ 35. Kf3 Rxa2 36. Rxa3 Rxa3 37. Rxa3 a5 38. Ke3 Bc4
39. Kd4 Kb5 40. Rxa5+ 1-0

[Event "OHS 2012"]
[Site "Herne"]
[Date "2012.02.14"]
[Round "2"]
[White "Domnik, Roland"]
[Black "Bleich, Karl-Heinz"]
[Result "1-0"]
[PlyCount "129"]
[WhiteElo "1696"]
[BlackElo "1452"]

1. d4 Nf6 2. c4 g6 3. Nf3 Bg7 4. Nc3 d6 5. e3 O-O 6. Bd3 Nbd7 7. O-O c5 8. Qb3
cxd4 9. exd4 b6 10. Re1 Bb7 11. Ne4 Rc8 12. Bd2 d5 13. Nxf6+ Nxf6 14. Ne5 Ne4
15. Be3 dxc4 16. Bxc4 Nd6 17. Bd3 e6 18. Rac1 Qe7 19. Qa3 Bd5 20. Bd2 Rxc1 21.
Rxc1 Rd8 22. Bc4 Ba8 23. Be2 Qh4 24. Be3 Nf5 25. g3 Qf6 26. Rd1 Qe7 27. Qxe7
Nxe7 28. Rc1 Rc8 29. Rxc8+ Nxc8 30. Kf1 Nd6 31. g4 Bd5 32. b3 f6 33. Nd3 Nb5
34. Nf4 Kf7 35. Bxb5 Bf3 36. h3 Ke7 37. Nd3 g5 38. Nb4 Kd6 39. Be2 Bb7 40. f4
h6 41. Kf2 a5 42. Nc2 Bf8 43. a4 Be4 44. Ne1 Bd5 45. Bc4 Be4 46. Kg3 Be7 47.
fxg5 hxg5 48. Bc1 Kc7 49. Bxe6 Bb4 50. Nf3 Kd6 51. Bc4 Bc3 52. Be3 Bc2 53. h4
gxh4+ 54. Nxh4 Be1+ 55. Bf2 Bd2 56. Nf5+ Kc7 57. d5 Bxf5 58. gxf5 Bb4 59. Bd4
Be7 60. Kg4 Kd7 61. Bxb6 Bb4 62. Kh5 Ke8 63. Kg6 Bc3 64. d6 Kd7 65. Bc7 1-0

[Event "OHS 2012"]
[Site "Herne"]
[Date "2012.02.14"]
[Round "2"]
[White "Stratmann, Lars"]
[Black "Drees, Helmut"]
[Result "0-1"]
[PlyCount "70"]
[WhiteElo "1444"]
[BlackElo "1680"]

1. c4 Nf6 2. Nc3 e6 3. Nf3 d5 4. cxd5 exd5 5. d4 Be7 6. g3 O-O 7. Bg2 c6 8. O-O
h6 9. a3 Bf5 10. Qb3 b6 11. Ne5 Bd6 12. Nf3 Nbd7 13. Re1 Re8 14. Bd2 Ne4 15.
Rac1 Nb8 16. Qa2 a5 17. a4 Nxd2 18. Nxd2 Na6 19. Qb3 Nb4 20. Na2 Qf6 21. e4
dxe4 22. Nxe4 Bxe4 23. Bxe4 Rac8 24. Nxb4 Bxb4 25. Re2 Qxd4 26. Rc4 Qf6 27.
Rec2 c5 28. Bd5 g5 29. h4 Rcd8 30. hxg5 hxg5 31. Rg4 Re1+ 32. Kg2 Qh6 33. Bxf7+
Kg7 34. Rxg5+ Qxg5 35. Qf3 Rf8 0-1

[Event "OHS 2012"]
[Site "Herne"]
[Date "2012.02.14"]
[Round "2"]
[White "Reichardt, Markus"]
[Black "Hartmann, Thomas"]
[Result "1-0"]
[PlyCount "40"]
[WhiteElo "1676"]
[BlackElo "1477"]

1. e4 c5 2. Nf3 Nc6 3. d4 cxd4 4. Nxd4 e5 5. Nb5 a6 6. Nd6+ Bxd6 7. Qxd6 Qf6 8.
Qc7 Nge7 9. Nc3 O-O 10. Be3 Rd8 11. O-O-O b5 12. Rd6 Qh4 13. g3 Qg4 14. h3 Qf3
15. Rg1 Qh5 16. Be2 Qxh3 17. Bf3 Rb8 18. Rh1 Qe6 19. Rxe6 dxe6 20. Rd1 Rxd1+
1-0

[Event "OHS 2012"]
[Site "Herne"]
[Date "2012.02.14"]
[Round "2"]
[White "Quäschling, Udo"]
[Black "Kracht, Joachim"]
[Result "0-1"]
[PlyCount "54"]
[WhiteElo "1358"]
[BlackElo "1688"]

1. e4 e5 2. Bc4 Bc5 3. Nf3 d6 4. d3 Be6 5. Bxe6 fxe6 6. Ng5 Qf6 7. Qf3 Qxf3 8.
Nxf3 Nf6 9. Ng5 Ke7 10. Nc3 a6 11. h3 Nc6 12. a3 Nd4 13. O-O Nxc2 14. Ra2 Nd4
15. b4 Ba7 16. Be3 h6 17. Nf3 Nxf3+ 18. gxf3 Nh5 19. Ne2 Rhf8 20. Bxa7 Rxa7 21.
Kg2 Raa8 22. f4 Nxf4+ 23. Nxf4 Rxf4 24. f3 Raf8 25. a4 c6 26. Rc2 Kd7 27. Kf2
Rxf3+ 0-1

[Event "OHS 2012"]
[Site "Herne"]
[Date "2012.02.14"]
[Round "2"]
[White "Stenzel, Gerhard"]
[Black "Breme, Dietmar"]
[Result "0-1"]
[PlyCount "68"]
[WhiteElo "1656"]
[BlackElo "1297"]

1. d4 Nf6 2. c4 g6 3. Nc3 Bg7 4. e4 d6 5. f4 O-O 6. Nf3 c5 7. d5 Qa5 8. Qc2
Nxe4 9. Qxe4 Bxc3+ 10. Kf2 Bf6 11. h3 Bf5 12. Qe2 Na6 13. g4 Bd7 14. g5 Bd4+
15. Nxd4 cxd4 16. a3 Qd8 17. b4 Bf5 18. Bb2 d3 19. Qe3 b6 20. Bxd3 Bxd3 21.
Qxd3 Rc8 22. Qd4 f6 23. h4 b5 24. Qxa7 Rxc4 25. Rac1 Rxf4+ 26. Kg2 fxg5 27.
Rhf1 Rg4+ 28. Kh3 Rxh4+ 29. Kg3 Rxf1 30. Rxf1 Qc8 31. Qxe7 Qg4+ 32. Kf2 Rh2+
33. Ke1 Qg3+ 34. Kd1 Qd3+ 0-1

[Event "OHS 2012"]
[Site "Herne"]
[Date "2012.02.14"]
[Round "2"]
[White "Czarnecki, Günther"]
[Black "Odenwald, Andreas"]
[Result "0-1"]
[PlyCount "72"]
[WhiteElo "1095"]
[BlackElo "1609"]

1. e4 e6 2. Nf3 b6 3. Bc4 Bb7 4. d3 d5 5. exd5 exd5 6. Bb3 Nf6 7. h3 Bd6 8. a3
O-O 9. O-O c5 10. c4 d4 11. Bg5 Nbd7 12. Ba4 Qc7 13. Bxd7 Nxd7 14. Re1 Rfe8 15.
Rxe8+ Rxe8 16. Nbd2 h6 17. Bh4 g5 18. Bxg5 hxg5 19. Nxg5 Nf8 20. Qg4 Qe7 21. h4
Bc8 22. Qf3 f6 23. Nge4 Be5 24. Kf1 Qg7 25. g3 Bh3+ 26. Kg1 Bg4 27. Qg2 f5 28.
Ng5 Bh5 29. Re1 Qd7 30. f4 Bf6 31. Rxe8 Qxe8 32. Qd5+ Kg7 33. Qg2 Bxg5 34. hxg5
Qe3+ 35. Kh2 Qe2 36. Qxe2 Bxe2 0-1

[Event "OHS 2012"]
[Site "Herne"]
[Date "2012.02.14"]
[Round "2"]
[White "Schäfer, Michael"]
[Black "Milk, Joshua"]
[Result "1-0"]
[PlyCount "45"]
[WhiteElo "1599"]
[BlackElo "1184"]

1. d4 e6 2. c4 c6 3. Nf3 Nf6 4. g3 d5 5. cxd5 exd5 6. Bg2 Bd6 7. O-O Bg4 8. Nc3
Nbd7 9. Qd3 c5 10. dxc5 Bxc5 11. Nxd5 O-O 12. Bg5 Bh5 13. Rfd1 Bg6 14. Qb5 Qc8
15. Bh3 Qc6 16. Qxc6 bxc6 17. Nc7 Rad8 18. Bxd7 Rxd7 19. Rxd7 Nxd7 20. Rd1 Nb6
21. Na6 Na4 22. Nxc5 Nxc5 23. Be7 1-0